00250nam a2200109Ia 4500020001900000100002600019245001700045082001200062942000800074008004100082999001700123 a9781472215949" aPATTERSON JAMES92644 0a4th OF JULY aEF PATT cBK 210805s9999 xx 000 0 und d c56762d56761